000 00868nac a22002771i 4500
003 EG-ScBUE
005 20260120091957.0
008 090201t1995 nyua f 001 0 eng d
020 _a041259840X
020 _a9780412598401
040 _aEG-ScBUE
_beng
_erda
_cEG-ScBUE
_dEG-ScBUE
082 0 4 _a551.22
_bROY
_222
100 1 _aRoy, John Scott,
_eauthor.
245 1 0 _aBirddog :
_bPhilosophy and practice of seismic data quality supervision /
_cJohn Scott Roy.
264 1 _aNew York :
_bChapman & Hall,
_c[1995]
264 4 _cc1995
300 _avi, 375 pages :
_cillustrations ;
_b24 cm
336 _2rdacontent
_atext
_btxt
337 _aunmediated
_2rdamedia
_bn
338 _avolume
_bnc
_2rdacarrier
500 _aIncludes index.
650 7 _aSeismic prospecting.
_2BUEsh
650 7 _aSeismology.
_2BUEsh
_911555
655 _vReading book
942 _cBB
_2ddc
999 _c7201
_d7201